000 00465nam a22001697a 4500
005 20180206151040.0
008 160428b xxu||||| |||| 00| 0 eng d
020 _a981-240218-7
041 _aeng
082 _b00562
_a005.432
100 _aDent. Jack and Gaddis, Tony
_94105
245 _aGuide to Unix Using Linux
260 _aNew Delhi
_bThomsm Learning Published by Vikash House,
_c2001
300 _a552
650 _aInformation Technology
_9137
942 _cBK
999 _c160
_d160